=LDR 00000nam 2200000 4500 =001 INLIS000000000009902 =005 20130612101649 =008 ***********************************Ind** =035 ##$$0010-061300000009902 =041 ##$$a Ind =082 ##$$a F Rom K =090 ##$$a F Rom K, Dul s =100 ##$$a Dulche, Jolanda Vargae =245 ##$$a Sekolah baru, Yolanda Vargas Dulche =260 ##$$a 1986 $b Jakarta =300 ##$$a 32 hlm, ilus, 21 cm =650 ##$$a Fiksi anak-anak =850 ##$$a NBPNMAT